00841nab a2200241 uc450000100070000000500170000700800410002403500110006503500210007604000130009704100080011010000380011824500990015665000390025565000240029465000340031865000240035265000380037665000150041477301410042994200100057099900190058064963820260319101554.0010302e19981015 eng  a649638 a(OCoLC)819898170 ccomduadb aeng10aSousa, Ulson de4auteaut951799710aNumerical solution of mass transfer and momentum equatios in a laminar flow wetted wall column 7aTransferencia de masa2lemb942968 aFlujo laminar94322 aSoluciones numéricas936656 aSimulación919386 aDióxido de carbono (CO2)949899 aAire950610 tInvestigación Aplicada Latino Americana (Bahía Blanca, Argentina)gVol. 28, No. 04, Oct. 1998, p. 223-228w495513x0327-07930123981 cARIMP c190295d190295